Native Animals of New Zealand by Picture - Statistics

General Stats
  • This quiz has been taken 266 times
  • The average score is 4 of 21
Answer Stats
Picture Answer % Correct
Kiwi
100%
Kea
38%
Tuatara
37%
Wētā
33%
Tūī
23%
Morepork
21%
Pīwakawaka
21%
Takahe
20%
Hoiho
18%
Kākāriki
18%
Kererū
18%
Kārearea
16%
Māui dolphin
15%
Whio
14%
Kōkako
12%
Kāhu
9%
Katipō
8%
New Zealand lesser short-tailed bat
7%
Huhu beetle
6%
Mohua
5%
New Zealand Longfin Eel
5%
No matching quizzes found
Score Distribution
Percent of People with Each Score
Percentile by Number Answered
Your Score History
You have not taken this quiz